Регионална библиотека "Любен Каравелов" - Русе

Лъжливото овчарче (Запис номер 493411)

MARC детайли
000 -Лидер
Контролно поле с фиксирана дължина 01656nam a2200337 a 4500
003 - Код на организацията, давaща контролен номер
Контролно поле BLK
005 - Дата и час на последна редакция
Контролно поле 20230804152633.0
008 - Елементи от данни с фиксирана дължина
fixed length control field 180411b bul|||||r ||||||| ||bul||
020 ## - Международен стандартен номер на книга ISBN
Международен стандартен номер на книга ISBN 9786192402921
040 ## - Източник на каталожния запис
Идентификатор на билиотеката - собственик на записа BLK
041 ## - Код за език
Код за езика на текст/звукозапис или на отделно заглавие Български
Код за езика КДБФ Български
080 ## - УДК
Текстов определител УДК Българска литература
УДК код - определител по УДК 821.163.2
УДК определител -93-91
УДК - код + определител 821.163.2-93-91
139 ## - Редно поле
Редна дума Лъжливото овчарче
Авторски знак Лъв - Л 93
245 10 - Сведения за заглавието
Заглавие Лъжливото овчарче
Редно поле (дума) адапт. Валери Манолов; худож. Ники Вукадинова.
250 ## - Област на изданието
Сведения за изданието [2. изд.]
257 ## - Страна на издаване
Страна на създаване/издаване България
260 ## - Област на издателските данни
Име на издателя, разпространителя и проч. ПАН
Година на издаване 2021
Място на издаване, разпространение и проч. София
300 ## - Физическа характеристика
Страници 16 с.
Илюстрации и др. с цв. ил.
Размери/Мащаб 27 см
380 ## - Жанр
Жанр Детска худож. лит.
490 ## - СЕРИИ (Колекции)
Име на серия 7 български приказки с поука
500 ## - Общи забележки
Забележка Кор. опис.<br/>Пълната форма на името на адапт. Валери Манолов е Валери Манолов Иванов<br/>Възприетата форма на името на ил. Николинка Димитрова е Ники Георгиева Вукадинова<br/>1 изд. 2014
505 ## - Форматирана забележка
Заглавие Съдържа и: Заекът и таралежът ; Дядо и внуче ; Приказка за бъчвата ; Двама братя юнаци ; Кой каквото прави - на себе си го прави ; Дар от сърце
700 ## - Други автори (авторска отговорност)
Лично име Манолов, Валери
Дати, свързани с автора 1962 -
Пълна форма на името Иванов, Валери Манолов
9 (RLIN) 365245
700 1# - Други автори (авторска отговорност)
Лично име Вукадинова, Ники
Автороска отговорност (Описва отношението между автора и произведението) худож.
9 (RLIN) 49455
852 ## - Местоположение
Форматна сигнатура Цб ІІ 32091
856 4# - Електронен адрес и достъп
Електронен формат pdf - файл
856 4# - Електронен адрес и достъп
Електронен формат pdf - файл
942 ## - АРТИКУЛИ
Вид на библиотечния материал Книги
Скрит в OPAC Не
Koha issues (borrowed), all copies 9
999 ## - СИСТЕМНИ КОНТРОЛНИ НОМЕРА
Koha biblionumber 493411
Koha biblioitemnumber 493411
999 ## - СИСТЕМНИ КОНТРОЛНИ НОМЕРА
Koha biblioitemnumber 190354
999 ## - СИСТЕМНИ КОНТРОЛНИ НОМЕРА
Koha biblioitemnumber 190354
944 ## - СЪЗДАВАНЕ И РЕДАКЦИЯ на ЗАПИСА
Създаване/Редакция
Дата на регистрацията/редакция Нора Радева
Служител, извършил регистрацията/редакцията 30545
Статус, дата на статуса Нора Радева
Наличности
Код за отписване Код за изгубен артикул Източник на класификационната схема Код за повреда Коз за рестрикции Код за отдаване Артикулен № Име на библиотеката - собственик Име на библиотеката, в която се намира в момента Статус (Текущо местоположение) Дата на вписване в системата Местоположение - отдел Цена в лева Инвентарен номер Систематично азбучна сигнатура Баркод Цена в евро Служебен тип на артикула
  Не е изгубен Universal Decimal Classification Не е повреден само за читалня ползва се в читалня 932011 Регионална библиотека "Любен Каравелов" Русе Регионална библиотека "Любен Каравелов" Русе Хранилище 2023-08-07 Хранилище 3.50 120000891185 Цб ІІ 32091 120000891185 1.79 Книги
Vip Innovations Ltd, Rousse, Bulgaria 2025